000 00682nam a2200265Ia 4500
003 OSt
005 20221007065650.0
006 a|||||r|||| 00| 0
007 ta
008 221006b |||||||| |||| 00| 0 eng d
024 _a4,550
037 _cTextual
040 _aFLL
_cFLL
_beng
041 _2eng
_aeng
082 _aZ2,5, P4
100 _aTandon M.P. Au.
245 0 _aIndian penal code
250 _a22nd
260 _aFaridabad
_bAllahabad Law Agency India
_c2004
300 _a639p
_ccm.
650 _aIndian penal code
700 _a Tandon R. Au.
942 _hZ2,5, P4
_cTEXL
_2CC
999 _c1137955
_d1137955